Processor description languages : Applications and methodologies

This book is the first, comprehensive survey of modern architecture description languages and will be an invaluable reference for embedded system architects, designers, developers, and validation engineers. Readers will see that the use of particular architecture description languages will lead to p...

وصف كامل

محفوظ في:
التفاصيل البيبلوغرافية
المؤلف الرئيسي: Mishra, Prabhat
التنسيق: كتاب
اللغة:Undetermined
منشور في: Amsterdam Morgan Kaufmann Publishers/Elsevier 2008
الموضوعات:
الوسوم: إضافة وسم
لا توجد وسوم, كن أول من يضع وسما على هذه التسجيلة!
Thư viện lưu trữ: Trung tâm Học liệu Trường Đại học Cần Thơ
LEADER 01035nam a2200217Ia 4500
001 CTU_172754
008 210402s9999 xx 000 0 und d
020 |c 86.95 
082 |a 004.16 
082 |b M678 
100 |a Mishra, Prabhat 
245 0 |a Processor description languages : 
245 0 |b Applications and methodologies 
245 0 |c Prabhat Mishra, Nikil Dutt 
260 |a Amsterdam 
260 |b Morgan Kaufmann Publishers/Elsevier 
260 |c 2008 
520 |a This book is the first, comprehensive survey of modern architecture description languages and will be an invaluable reference for embedded system architects, designers, developers, and validation engineers. Readers will see that the use of particular architecture description languages will lead to productivity gains in designing particular (application-specific) types of embedded processors. 
650 |a Embedded computer systems,Hệ thống máy tính nhúng 
904 |i Qhieu 
980 |a Trung tâm Học liệu Trường Đại học Cần Thơ